000 00626nam a2200217Ia 4500
005 20260629163255.0
008 260629s9999||||xx |||||||||||||| ||und||
020 _a8190105981
_qpbk
020 _a9788190105989
_qpbk
082 _a128
_bRAM
100 _aBalsekar, Ramesh S.
245 0 _aPeace and harmony in daily living : facing life moment to moment, being anchored in tranquility
260 _aMumbai
_bYogi impressions
_c2003
300 _a289p. ; 23cm.
653 _aConscience
653 _aConsciousness
653 _aSelf (Philosophy)
653 _aTruth
700 _aWaterman, Susan [ed.]
942 _cBK
999 _c57330
_d57330